[Event "57th Biel Festival MTO 2024"]
[White "Deuer,Marius"]
[Black "Winkelman,Albert"]
[Site "Biel"]
[Round "9.22"]
[Annotator "TA"]
[Result "1-0"]
[Date "2024.07.24"]
[WhiteElo "2435"]
[BlackElo "2243"]
[PlyCount "95"]

1. d4 Nf6 2. c4 e6 3. Nc3 Bb4 4. e3 O-O 5. Bd3 d5 6. cxd5 exd5 7. a3 Bd6 8. Qc2 c6 9. Nge2 Nbd7 10. O-O Re8 11. Bd2 Nf8 12. f3 Ne6 13. Be1 h6 14. Bf2 Bc7 15. Kh1 b6 16. b4 a5 17. Rab1 axb4 18. axb4 Qe7 19. Ng3 g6 20. Nce2 h5 21. Nc3 Kg7 22. Nge2 Bd6 23. Bh4 g5 24. Bg3 Bxb4 25. Be5 Bxc3 26. Ng3 Kg8 27. Nf5 Qd8 28. Qxc3 Bd7 29. Nd6 b5 30. Nxe8 Nxe8 31. h3 Qa5 32. Qc2 Qa2 33. Qd1 f6 34. Bh2 N6g7 35. e4 Ra4 36. Bc2 Ra7 37. Bb3 Qa5 38. exd5 cxd5 39. Bxd5+ Kh8 40. Qe2 Qd8 41. Ra1 Ra4 42. Rxa4 bxa4 43. Rb1 Bxh3 44. Bc6 Bd7 45. Rb8 Qxb8 46. Bxb8 Bxc6 47. Qa6 Bd7 48. d5 1-0

[Event "57th Biel Festival MTO 2024"]
[White "Holzke,Frank"]
[Black "Follesa,Enrico"]
[Site "Biel"]
[Round "9.23"]
[Annotator "TA"]
[Result "1-0"]
[Date "2024.07.24"]
[WhiteElo "2450"]
[BlackElo "2241"]
[PlyCount "113"]

1. e4 c5 2. Nf3 d6 3. d4 cxd4 4. Nxd4 Nf6 5. Nc3 a6 6. Be2 e6 7. f4 Qc7 8. Be3 Nc6 9. Qd2 Bd7 10. g4 Nxd4 11. Bxd4 e5 12. Be3 Bc6 13. Bf3 exf4 14. Bxf4 Nd7 15. O-O-O Ne5 16. Qe3 Rc8 17. h4 b5 18. Ne2 Nc4 19. Qd4 Bd7 20. Nc3 Ne5 21. Be2 Bc6 22. Rd2 Be7 23. Nd1 Ng6 24. Bg5 Bxg5 25. hxg5 Qe7 26. Qxg7 Qxg5 27. Rh5 Qe7 28. Ne3 Bxe4 29. Nf5 Bxf5 30. gxf5 Qe5 31. Qxe5+ Nxe5 32. Rxd6 Rc6 33. Rhh6 Rxd6 34. Rxd6 Ke7 35. Rxa6 h5 36. Bxb5 f6 37. c4 h4 38. c5 h3 39. Ra7+ Kf8 40. Ra8+ Kg7 41. Rxh8 Kxh8 42. Bf1 h2 43. Bg2 Nd3+ 44. Kd2 Nxc5 45. Ke3 Kg7 46. Kd4 Na6 47. Kc4 Kf7 48. Kb5 Nc7+ 49. Kc6 Na6 50. a3 Ke7 51. b4 Kd8 52. Kd6 Nc7 53. a4 Kc8 54. b5 Kb8 55. Ke7 Ka7 56. Kxf6 Kb6 57. Ke5 1-0

[Event "57th Biel Festival MTO 2024"]
[White "Kalogridis,Antonios"]
[Black "Ohler,Julius"]
[Site "Biel"]
[Round "9.24"]
[Annotator "TA"]
[Result "1-0"]
[Date "2024.07.24"]
[WhiteElo "2391"]
[BlackElo "2078"]
[PlyCount "95"]

1. d4 d5 2. c4 e6 3. Nc3 Be7 4. cxd5 exd5 5. Bf4 c6 6. e3 Bf5 7. g4 Be6 8. h4 Nd7 9. Be2 Nh6 10. Nh3 Qb6 11. Rb1 Bxh4 12. g5 Nf5 13. Ng1 f6 14. Nf3 fxg5 15. Bxg5 Bxg5 16. Nxg5 Nf8 17. Bd3 g6 18. Qf3 Qc7 19. Nxe6 Nxe6 20. Bxf5 gxf5 21. Rh5 O-O-O 22. Qxf5 Rde8 23. Rc1 Kb8 24. Qe5 Qxe5 25. Rxe5 Nd8 26. Rh5 h6 27. Kd2 Rhf8 28. f4 Nf7 29. Rg1 Nd6 30. b3 Nf5 31. Nd1 Rf6 32. Kd3 Kc7 33. Kd2 Kd6 34. Nf2 Rff8 35. Ng4 Re6 36. Ne5 Ref6 37. Kd3 Ke6 38. Ke2 Kd6 39. Kf3 Ke6 40. Rg4 Re8 41. b4 Rc8 42. Rg2 Rcf8 43. a4 a6 44. Rh3 Rh8 45. Ng4 Rg6 46. Rh5 Rh7 47. Rgh2 Rh8 48. Rxf5 1-0

[Event "57th Biel Festival MTO 2024"]
[White "Thavandiran,Shiyam"]
[Black "Woong,Zhi Wei William"]
[Site "Biel"]
[Round "9.25"]
[Annotator "TA"]
[Result "1/2-1/2"]
[Date "2024.07.24"]
[WhiteElo "2387"]
[BlackElo "2139"]
[PlyCount "90"]

1. e4 c5 2. Nf3 Nc6 3. d4 cxd4 4. Nxd4 e5 5. Nb5 d6 6. c4 Be6 7. N1c3 a6 8. Na3 g6 9. Nc2 Bg7 10. Be3 Nf6 11. Be2 O-O 12. O-O Rc8 13. b3 b5 14. cxb5 axb5 15. Nxb5 d5 16. exd5 Nxd5 17. Bc5 Qg5 18. Bxf8 Rxf8 19. Bc4 Rd8 20. Qf3 e4 21. Qg3 Qd2 22. Ne3 Bxa1 23. Rxa1 Nxe3 24. Qxe3 Bxc4 25. Qxd2 Rxd2 26. bxc4 Rc2 27. Nd6 f5 28. g4 fxg4 29. a4 Ne5 30. Nxe4 Rxc4 31. Nd6 Rc6 32. Nb5 Ra6 33. Kg2 h5 34. Kg3 g5 35. h4 gxh3 36. f4 gxf4+ 37. Kxf4 h2 38. Nc3 Ng4 39. Kg3 Rc6 40. Nd5 Rc4 41. Nf4 Rxa4 42. Rh1 Ra3+ 43. Kh4 Ra4 44. Kg3 Ra3+ 45. Kh4 Ra4 1/2-1/2

[Event "57th Biel Festival MTO 2024"]
[White "Lyutsinger,Iren"]
[Black "Hafiz,Arif Abdul"]
[Site "Biel"]
[Round "9.26"]
[Annotator "RC"]
[Result "0-1"]
[Date "2024.07.24"]
[WhiteElo "2069"]
[BlackElo "2367"]
[PlyCount "62"]

1. e4 d6 2. d4 Nf6 3. Nc3 e5 4. Nf3 Nbd7 5. Rg1 g6 6. g4 Bg7 7. g5 Nh5 8. Be3 c6 9. Qd2 O-O 10. Be2 Qe7 11. O-O-O Re8 12. Nh4 Nf4 13. Bxf4 exf4 14. Qxf4 b5 15. Bf3 Nb6 16. Ng2 b4 17. Ne2 a5 18. Ne3 a4 19. h4 b3 20. a3 bxc2 21. Rd2 c5 22. Nd5 Nxd5 23. exd5 Rb8 24. Bg4 Ba6 25. Rxc2 Qb7 26. Nc3 cxd4 27. Ne4 d3 28. Nxd6 Qb3 29. Qxf7+ Kh8 30. Rc7 d2+ 31. Kxd2 Qd3+ 0-1

[Event "57th Biel Festival MTO 2024"]
[White "Haimovich,Tal"]
[Black "Smirnov,Mark"]
[Site "Biel"]
[Round "9.27"]
[Annotator "RC"]
[Result "0-1"]
[Date "2024.07.24"]
[WhiteElo "2330"]
[BlackElo "2203"]
[PlyCount "74"]

1. Nf3 d5 2. c4 e6 3. e3 Nf6 4. b3 Bd6 5. Bb2 O-O 6. d4 b6 7. Nbd2 Bb7 8. Bd3 Nbd7 9. O-O Ne4 10. Qc2 f5 11. Rac1 Rc8 12. Ne5 Nxe5 13. dxe5 Bc5 14. Nf3 f4 15. cxd5 exd5 16. exf4 Rxf4 17. Nd4 Qe7 18. b4 Bxd4 19. Bxd4 Ng5 20. Qb2 Rcf8 21. Be2 Ne6 22. Bc3 Rh4 23. g3 Re4 24. f3 Re3 25. Kf2 d4 26. Bxd4 Nxd4 27. Qxd4 Rxe5 28. Rfe1 Kh8 29. Qc3 Re8 30. Qc4 Re3 31. f4 Bf3 32. Rc2 b5 33. Qxb5 Ba8 34. Qc4 Qd6 35. Rc3 Qd2 36. Rxe3 Rxe3 37. Rd1 Rf3+ 0-1

[Event "57th Biel Festival MTO 2024"]
[White "Song,Ethan"]
[Black "Boldoo,Erdenepurev"]
[Site "Biel"]
[Round "9.28"]
[Annotator "TA"]
[Result "1/2-1/2"]
[Date "2024.07.24"]
[WhiteElo "2244"]
[BlackElo "2385"]
[PlyCount "72"]

1. e4 c5 2. Nf3 e6 3. d4 cxd4 4. Nxd4 Nc6 5. Nc3 a6 6. Be3 Nf6 7. Be2 d6 8. Qd2 Be7 9. O-O-O Nxd4 10. Qxd4 Qa5 11. f4 e5 12. fxe5 dxe5 13. Qb6 Qxb6 14. Bxb6 Be6 15. Rhf1 Rc8 16. Nd5 Bxd5 17. exd5 Bc5 18. Ba5 Ke7 19. Kb1 Bd6 20. c4 b5 21. cxb5 axb5 22. Bxb5 Rc5 23. a4 Nxd5 24. Rf2 Rb8 25. Rfd2 Bc7 26. Bxc7 Nxc7 27. Rd7+ Kf8 28. Bf1 Ne6 29. R7d5 Rb4 30. a5 Rc8 31. Rxe5 Nd4 32. Re4 Rc2 33. Rexd4 Rbxb2+ 34. Ka1 Ra2+ 35. Kb1 Rab2+ 36. Ka1 Ra2+ 1/2-1/2

[Event "57th Biel Festival MTO 2024"]
[White "Rappazzo,Johannes"]
[Black "Munguntuul,Batkhuyag"]
[Site "Biel"]
[Round "9.29"]
[Annotator "TA"]
[Result "1/2-1/2"]
[Date "2024.07.24"]
[WhiteElo "2169"]
[BlackElo "2376"]
[PlyCount "65"]

1. e4 c5 2. Nf3 e6 3. d4 cxd4 4. Nxd4 Nc6 5. Nc3 Qc7 6. f4 a6 7. Nxc6 Qxc6 8. Bd3 b5 9. Qe2 Bb7 10. Bd2 Bc5 11. O-O-O Ne7 12. a3 O-O 13. h4 b4 14. axb4 Bxb4 15. h5 f5 16. h6 g6 17. exf5 Nxf5 18. g4 Ne7 19. Qe5 Rf7 20. Ne4 Bxd2+ 21. Kxd2 Qa4 22. Rhf1 Qb4+ 23. Kc1 Bxe4 24. Qxe4 Nd5 25. f5 Rb8 26. fxg6 Rxf1 27. Rxf1 Qxb2+ 28. Kd2 Qc3+ 29. Ke2 Qb2 30. Kd2 Qc3+ 31. Ke2 Qb2 32. Kd2 Qc3+ 33. Ke2 1/2-1/2

[Event "57th Biel Festival MTO 2024"]
[White "Emmenecker,Pierre-Antoine"]
[Black "Frayna,Janelle Mae"]
[Site "Biel"]
[Round "9.30"]
[Annotator "RC"]
[Result "1/2-1/2"]
[Date "2024.07.24"]
[WhiteElo "2306"]
[BlackElo "2164"]
[PlyCount "137"]

1. e4 g6 2. d4 Bg7 3. Nc3 d6 4. Be3 Nf6 5. h3 c6 6. a4 O-O 7. Nf3 Qc7 8. Bc4 Nbd7 9. Ba2 e5 10. O-O exd4 11. Bxd4 Ne5 12. Nd2 Be6 13. Bxe6 fxe6 14. Bxe5 dxe5 15. Nb3 Nh5 16. g3 Rf6 17. Qe2 Bf8 18. Rad1 Qf7 19. Rd3 Be7 20. Nd1 Rf8 21. Ne3 Qg7 22. Ng4 R6f7 23. Nd2 Bc5 24. Kg2 Bb6 25. Nf3 Bc7 26. Ng5 Re7 27. Rf3 Rfe8 28. Rb3 Bb8 29. Rd1 Nf6 30. Nxf6+ Qxf6 31. h4 h6 32. Nh3 Rf8 33. Rdd3 Ref7 34. Rf3 Qxf3+ 35. Rxf3 Rxf3 36. Nf4 exf4 37. Qxf3 fxg3 38. Qd3 Rxf2+ 39. Kg1 Bc7 40. a5 Bf4 41. e5 Bxe5 42. Qxg6+ Kf8 43. Qxe6 Re2 44. Qc8+ Ke7 45. Qxb7+ Kd6 46. Qb4+ c5 47. Qb8+ Ke6 48. Qe8+ Kd6 49. Qg6+ Kd5 50. Qf7+ Ke4 51. Qg6+ Kd5 52. Qf7+ Ke4 53. Qh7+ Kf4 54. Qxh6+ Kg4 55. Qg5+ Kh3 56. Qf5+ Kxh4 57. Qh7+ Kg5 58. Qg8+ Kf4 59. Qf8+ Ke4 60. Qa8+ Kf4 61. Qf8+ Ke4 62. c3 Bf4 63. Qe8+ Kd3 64. Qd7+ Ke4 65. Qe6+ Kf3 66. Qd5+ Kg4 67. Qd7+ Kf3 68. Qd5+ Kg4 69. Qd7+ 1/2-1/2

[Event "57th Biel Festival MTO 2024"]
[White "Vincenti,Leonardo"]
[Black "Toktomushev,Teimur"]
[Site "Biel"]
[Round "9.31"]
[Annotator "RC"]
[Result "0-1"]
[Date "2024.07.24"]
[WhiteElo "2166"]
[BlackElo "2300"]
[PlyCount "84"]

1. e4 c5 2. Nf3 e6 3. d4 cxd4 4. Nxd4 a6 5. c4 Nf6 6. Nc3 Qc7 7. a3 b6 8. Be3 Bb7 9. f3 Be7 10. Be2 O-O 11. O-O d6 12. Rc1 Nbd7 13. Qd2 Rac8 14. Rfd1 Qb8 15. Kh1 Ba8 16. b4 Rfd8 17. Bf1 h6 18. Qf2 Rc7 19. Na4 Rdc8 20. Nb3 Rc6 21. Nd4 R6c7 22. Nb3 b5 23. Nb6 Nxb6 24. Bxb6 Rxc4 25. Bxc4 bxc4 26. Na5 d5 27. exd5 Nxd5 28. Ba7 Qf4 29. Qe2 c3 30. Qxa6 Qc7 31. b5 Bxa3 32. b6 Qd7 33. Rc2 Bb2 34. Rd4 Re8 35. Nc4 Bb7 36. Qa5 e5 37. Rd1 e4 38. Nxb2 cxb2 39. fxe4 Ne3 40. Rcd2 Nxd1 41. Rxd7 b1=Q 42. Kg1 Qxe4 0-1

[Event "57th Biel Festival MTO 2024"]
[White "Peycheva,Gergana"]
[Black "Gemelli,Romain"]
[Site "Biel"]
[Round "9.32"]
[Annotator "RC"]
[Result "1/2-1/2"]
[Date "2024.07.24"]
[WhiteElo "2266"]
[BlackElo "2101"]
[PlyCount "123"]

1. d4 Nf6 2. c4 e6 3. Bf4 Bb4+ 4. Nd2 c5 5. dxc5 Bxc5 6. e3 Nc6 7. Rc1 b6 8. a3 Bb7 9. Ngf3 O-O 10. Bd3 h6 11. b4 Be7 12. h3 a5 13. b5 Nb8 14. a4 d6 15. Bc2 Nbd7 16. Nb3 e5 17. Bh2 Qc7 18. O-O Ne4 19. Qd3 f5 20. Nfd2 Nxd2 21. Nxd2 Nc5 22. Qe2 Qd7 23. Rfd1 Qe6 24. Nf1 g6 25. Nd2 Rfd8 26. e4 f4 27. f3 g5 28. Nb1 Kh8 29. Kf1 Rg8 30. Bg1 Nd7 31. Nc3 Rg7 32. Nd5 Bxd5 33. exd5 Qf6 34. Qe4 Rf8 35. Ke2 h5 36. Bf2 h4 37. Kd2 Rc8 38. Qf5 Qxf5 39. Bxf5 Bd8 40. Bxd7 Rxd7 41. Kd3 Kg7 42. Be1 Kf6 43. Bc3 Kf5 44. Re1 Bc7 45. Re4 Re8 46. Kc2 Rde7 47. Rd1 Rd8 48. Re2 Red7 49. Kb3 Re7 50. Rde1 Rde8 51. Re4 Rd8 52. Kc2 Rde8 53. Rb1 Ra8 54. Re2 Ree8 55. Kd3 Re7 56. Rd1 Rd7 57. Rde1 Re7 58. Kc2 Rd8 59. Rd1 Red7 60. Kb3 Re7 61. Re4 Red7 62. Rde1 1/2-1/2

[Event "57th Biel Festival MTO 2024"]
[White "Schnell,Simon"]
[Black "Collin,Moritz Valentin"]
[Site "Biel"]
[Round "9.33"]
[Annotator "RC"]
[Result "0-1"]
[Date "2024.07.24"]
[WhiteElo "2139"]
[BlackElo "2312"]
[PlyCount "92"]

1. Nf3 Nf6 2. e3 e6 3. c4 b6 4. b3 Bb7 5. Bb2 Be7 6. Nc3 O-O 7. Be2 d5 8. cxd5 exd5 9. O-O c5 10. d4 Nbd7 11. Rc1 Rc8 12. Bd3 Re8 13. Ne2 Bf8 14. Ng3 Ne4 15. Qe2 Nd6 16. Rfd1 c4 17. bxc4 dxc4 18. Bb1 Nf6 19. Ne5 b5 20. Nf5 Qa5 21. Nxd6 Bxd6 22. Bc3 b4 23. Be1 c3 24. f4 Ne4 25. Bd3 Qd5 26. Bc2 Qxa2 27. Ra1 Qd5 28. Rdb1 Bxe5 29. fxe5 a5 30. Bb3 Qd8 31. Qb5 Bc6 32. Qc4 Kh8 33. d5 Bxd5 34. Qxd5 Qxd5 35. Bxd5 Rxe5 36. Bxe4 Rxe4 37. Rxa5 c2 38. Rc1 b3 39. Rb5 Rxe3 40. Kf2 Rce8 41. Ba5 Rc8 42. Be1 Rce8 43. Ba5 h6 44. Bc7 Re2+ 45. Kg3 R8e3+ 46. Kh4 Re1 0-1

[Event "57th Biel Festival MTO 2024"]
[White "Mostertman,Milan"]
[Black "Arsenie,Cristian Marc"]
[Site "Biel"]
[Round "9.34"]
[Annotator "RC"]
[Result "1-0"]
[Date "2024.07.24"]
[WhiteElo "2231"]
[BlackElo "2121"]
[PlyCount "73"]

1. e4 c5 2. Nf3 d6 3. d4 cxd4 4. Nxd4 Nf6 5. Nc3 a6 6. Be3 e5 7. Nf3 Be7 8. Nd2 b5 9. a4 b4 10. Nd5 Nxd5 11. exd5 O-O 12. Nc4 Nd7 13. a5 f5 14. Qd2 Rb8 15. Bd3 Kh8 16. f4 exf4 17. Bxf4 g5 18. Be3 f4 19. Ba7 Rb7 20. Bf2 Nc5 21. Nb6 Bf6 22. Qxb4 Re8+ 23. Kd2 f3 24. gxf3 Be5 25. Bg3 Qf6 26. Rae1 Nxd3 27. cxd3 Bh3 28. Bxe5 dxe5 29. Re3 Bg2 30. Rhe1 Bxf3 31. Rxe5 Rxe5 32. Rxe5 h5 33. Re6 Qf5 34. Qd4+ Kg8 35. Re5 Qg6 36. Qe3 g4 37. Rg5 1-0

[Event "57th Biel Festival MTO 2024"]
[White "Altantuya,Boldbaatar"]
[Black "Kersten,Uwe"]
[Site "Biel"]
[Round "9.35"]
[Annotator "RC"]
[Result "1-0"]
[Date "2024.07.24"]
[WhiteElo "2107"]
[BlackElo "2189"]
[PlyCount "41"]

1. d4 Nf6 2. c4 c5 3. Nf3 cxd4 4. Nxd4 a6 5. Nc3 d5 6. e3 dxc4 7. Bxc4 e5 8. Nf3 Qxd1+ 9. Kxd1 b5 10. Bb3 Bd6 11. Ke2 Bb7 12. Rd1 Bc7 13. Bd2 Nbd7 14. Rac1 Rc8 15. Be1 Bb8 16. Nd5 Nc5 17. Nxf6+ gxf6 18. Bd5 e4 19. Bxb7 exf3+ 20. gxf3 Rc7 21. Ba5 1-0

[Event "57th Biel Festival MTO 2024"]
[White "Fronda,Jan Jodilyn"]
[Black "Kamber,Bruno"]
[Site "Biel"]
[Round "9.36"]
[Annotator "RC"]
[Result "0-1"]
[Date "2024.07.24"]
[WhiteElo "2072"]
[BlackElo "2188"]
[PlyCount "60"]

1. e4 g6 2. d4 Bg7 3. Nf3 Nc6 4. Bc4 d6 5. O-O Nf6 6. Nbd2 O-O 7. h3 Nxe4 8. Bxf7+ Rxf7 9. Nxe4 d5 10. Ng3 e5 11. Be3 exd4 12. Nxd4 Ne5 13. c3 c5 14. Nde2 b6 15. Qc2 Bb7 16. Rad1 Qh4 17. Qc1 Raf8 18. b3 h6 19. f4 Nd7 20. Bf2 Qf6 21. Kh2 h5 22. Be3 h4 23. Nh1 Re8 24. Nf2 Qc6 25. Rg1 Nf6 26. c4 d4 27. Nxd4 cxd4 28. Bxd4 Re2 29. Rd2 Rxd2 30. Qxd2 Rd7 0-1

[Event "57th Biel Festival MTO 2024"]
[White "Mata,Adilson"]
[Black "Demchenko,Svitlana"]
[Site "Biel"]
[Round "9.37"]
[Annotator "RC"]
[Result "1-0"]
[Date "2024.07.24"]
[WhiteElo "1971"]
[BlackElo "2176"]
[PlyCount "102"]

1. c4 f5 2. Nc3 Nf6 3. g3 g6 4. Bg2 Bg7 5. d4 d6 6. e4 fxe4 7. Nxe4 Nxe4 8. Bxe4 Nc6 9. Be3 O-O 10. h4 Qe8 11. g4 e5 12. d5 Nd4 13. h5 Rf4 14. Qd3 Bxg4 15. Bxf4 exf4 16. hxg6 hxg6 17. f3 Bf5 18. O-O-O Qe5 19. Rh2 Nxf3 20. Bxf5 Nxh2 21. Be6+ Kh7 22. Qh3+ Bh6 23. Kb1 f3 24. Qh4 Rf8 25. Nh3 f2 26. Nxf2 Qe2 27. Qe7+ Kh8 28. Qh4 Kh7 29. Qe7+ Kh8 30. Qh4 Qh5 31. Qxh5 gxh5 32. Ne4 Nf3 33. Kc2 Rf4 34. Ng3 Rxc4+ 35. Kb3 b5 36. a3 Nd4+ 37. Ka2 h4 38. Nf5 Nxf5 39. Bxf5 Bf4 40. Re1 Be5 41. Bd3 Rd4 42. Bxb5 Rxd5 43. Bf1 Rd2 44. Re2 Rxe2 45. Bxe2 h3 46. b4 h2 47. Bf3 Kg7 48. b5 Kf6 49. Kb3 Kf5 50. Kc4 Kf4 51. Bh1 Ke3 1-0

[Event "57th Biel Festival MTO 2024"]
[White "Sukandar,Irine Kharisma"]
[Black "Nurgaliyeva,Zarina"]
[Site "Biel"]
[Round "9.38"]
[Annotator "RC"]
[Result "1-0"]
[Date "2024.07.24"]
[WhiteElo "2338"]
[BlackElo "2145"]
[PlyCount "73"]

1. e4 e5 2. Nf3 Nc6 3. Bb5 a6 4. Ba4 Bc5 5. O-O Nge7 6. Nxe5 Nxe5 7. d4 b5 8. Bb3 Bxd4 9. Qxd4 d6 10. f4 c5 11. Qc3 N5g6 12. a4 c4 13. Ba2 O-O 14. b3 Bb7 15. Bb2 f6 16. bxc4 Bxe4 17. Qd4 Bxc2 18. cxb5+ Kh8 19. Na3 Nf5 20. Qf2 Be4 21. Rfe1 d5 22. Rad1 Qa5 23. Bxd5 Bxd5 24. Rxd5 Rfe8 25. Nc2 Rxe1+ 26. Nxe1 Re8 27. Nc2 Nfe7 28. Rc5 Qxa4 29. bxa6 Nxf4 30. Qf1 Ned5 31. h3 Ne2+ 32. Kh2 Qxa6 33. Rxd5 Qb7 34. Qxe2 Qb8+ 35. Be5 fxe5 36. Qe4 h6 37. Ne1 1-0

[Event "57th Biel Festival MTO 2024"]
[White "Gloeckler,Christian"]
[Black "Erne,Raphael"]
[Site "Biel"]
[Round "9.39"]
[Annotator "RC"]
[Result "1/2-1/2"]
[Date "2024.07.24"]
[WhiteElo "2304"]
[BlackElo "2102"]
[PlyCount "77"]

1. e4 c6 2. d4 d5 3. exd5 cxd5 4. Bd3 Nc6 5. c3 Qc7 6. Ne2 e5 7. dxe5 Nxe5 8. Bb5+ Bd7 9. Bxd7+ Qxd7 10. O-O Nf6 11. Bf4 Bd6 12. Nd2 O-O 13. Bg3 Rfe8 14. Qc2 Rac8 15. Rfe1 Nc4 16. Bxd6 Qxd6 17. Nf3 Qb6 18. b3 Nd6 19. Qd3 Nde4 20. Nfd4 Qc7 21. f3 Nxc3 22. Ng3 Rxe1+ 23. Rxe1 Nxa2 24. Ngf5 Qc3 25. Qd1 Qxe1+ 26. Qxe1 Rc1 27. Qxc1 Nxc1 28. Nd6 b6 29. Nc8 Nd7 30. Nxa7 Nd3 31. Nac6 Kf8 32. Nf5 N7e5 33. Nxe5 Nxe5 34. Ne3 d4 35. Nd5 b5 36. Kf1 Nd3 37. Nc7 Nc5 38. b4 Nd3 39. Nxb5 1/2-1/2

[Event "57th Biel Festival MTO 2024"]
[White "Kaiser,Elmar"]
[Black "Shoshin,Kirill"]
[Site "Biel"]
[Round "9.40"]
[Annotator "RC"]
[Result "0-1"]
[Date "2024.07.24"]
[WhiteElo "2116"]
[BlackElo "2277"]
[PlyCount "84"]

1. d4 Nf6 2. Nf3 e6 3. g3 b5 4. Bg2 Bb7 5. O-O c5 6. c3 Nc6 7. Nbd2 Qb6 8. dxc5 Bxc5 9. Nb3 d6 10. a4 a6 11. axb5 axb5 12. Rxa8+ Bxa8 13. Nxc5 dxc5 14. Qd6 Ne4 15. Qd3 f5 16. Be3 Qb8 17. Rd1 O-O 18. Qd7 Re8 19. Bf4 Qd8 20. Qxd8 Rxd8 21. Rxd8+ Nxd8 22. Ng5 c4 23. Nxe4 Bxe4 24. f3 Bb7 25. Bc7 Nf7 26. Kf2 Kf8 27. Ke3 e5 28. Bh3 g6 29. f4 exf4+ 30. gxf4 Ke7 31. Kd4 Kd7 32. Bb8 Nd8 33. Kc5 Bc6 34. e4 Ne6+ 35. Kb6 Bxe4 36. Kxb5 g5 37. Bf1 Bd3 38. Bg2 Nxf4 39. Bxf4 gxf4 40. Kc5 Be2 41. Bh3 Ke6 42. Kd4 h6 0-1

[Event "57th Biel Festival MTO 2024"]
[White "Coles,Robin"]
[Black "Krishnan,Ritvik"]
[Site "Biel"]
[Round "9.41"]
[Annotator "RC"]
[Result "1-0"]
[Date "2024.07.24"]
[WhiteElo "2084"]
[BlackElo "2297"]
[PlyCount "157"]

1. e4 g6 2. d4 d6 3. Nf3 Nf6 4. Nc3 Bg7 5. Bg5 O-O 6. Qd2 c6 7. Bh6 b5 8. Bd3 Nbd7 9. h4 Bxh6 10. Qxh6 Ng4 11. Qg5 h5 12. e5 e6 13. exd6 e5 14. O-O exd4 15. Qxd8 Rxd8 16. Nxd4 Nde5 17. Be4 b4 18. Nxc6 Nxc6 19. Bxc6 Rb8 20. Ne4 f5 21. Bd5+ Kf8 22. Ng5 Rxd6 23. Rad1 Rbb6 24. Rfe1 Rd7 25. Rd3 Re7 26. Rxe7 Kxe7 27. f3 Ne5 28. Re3 Kd6 29. Bb3 Bd7 30. Nf7+ Nxf7 31. Bxf7 Kc7 32. c3 a5 33. cxb4 axb4 34. a3 bxa3 35. bxa3 Rf6 36. Ba2 Rd6 37. Kh2 Rd4 38. Rc3+ Kd6 39. Kg3 f4+ 40. Kh2 Bf5 41. Bf7 Rd1 42. Rb3 Ke7 43. Rb7+ Kf6 44. Be8 Ra1 45. Rb6+ Kg7 46. a4 Ra2 47. Rb4 Bd3 48. Bb5 Be2 49. Bxe2 Rxe2 50. Rxf4 Ra2 51. Kh3 Kh6 52. Rb4 Ra3 53. Rc4 Kg7 54. Rf4 Kh6 55. g4 hxg4+ 56. Kxg4 Ra1 57. Rb4 Ra3 58. Kf4 Kh5 59. Kg3 Kh6 60. Kg4 Rc3 61. Re4 Ra3 62. Rd4 Rb3 63. a5 Ra3 64. Rd5 Ra4+ 65. f4 Ra1 66. f5 Ra4+ 67. Kg3 gxf5 68. Rxf5 Kg6 69. Rb5 Kf6 70. h5 Ra1 71. Kf4 Ra4+ 72. Ke3 Ke6 73. h6 Kf7 74. Rh5 Kg8 75. Kd3 Kh7 76. Kc3 Ra1 77. Kb4 Rf1 78. a6 Rf7 79. Ra5 1-0

[Event "57th Biel Festival MTO 2024"]
[White "Kuandykuly,Danis"]
[Black "Pappier,Carlos"]
[Site "Biel"]
[Round "9.42"]
[Annotator "RC"]
[Result "1-0"]
[Date "2024.07.24"]
[WhiteElo "1989"]
[BlackElo "2202"]
[PlyCount "77"]

1. e4 c6 2. d4 d5 3. Nc3 dxe4 4. Nxe4 Bf5 5. Nc5 Nd7 6. Bd3 Bxd3 7. Nxd3 e6 8. Nf3 Ngf6 9. Bf4 Be7 10. O-O O-O 11. c4 c5 12. Qc2 Rc8 13. dxc5 Nxc5 14. Nxc5 Bxc5 15. a3 a5 16. Rad1 Qe7 17. Be5 Rfd8 18. Ng5 g6 19. Qc3 Bxf2+ 20. Kh1 Rxd1 21. Rxd1 Ng4 22. Ne4 f5 23. Nf6+ Nxf6 24. Bxf6 Qf7 25. Be5 Bb6 26. b4 axb4 27. axb4 Rd8 28. Rxd8+ Bxd8 29. Qd4 Bc7 30. b5 Bxe5 31. Qxe5 f4 32. Kg1 f3 33. b6 fxg2 34. Qb8+ Kg7 35. Qc7 e5 36. Qxf7+ Kxf7 37. c5 e4 38. c6 e3 39. Kxg2 1-0

[Event "57th Biel Festival MTO 2024"]
[White "Federer,Colin"]
[Black "Kwiatkowski,Jakub"]
[Site "Biel"]
[Round "9.43"]
[Annotator "ChessBase"]
[Result "1-0"]
[Date "2024.07.24"]
[WhiteElo "2187"]
[BlackElo "2024"]
[PlyCount "109"]

1. e4 e5 2. Nf3 Nc6 3. Bc4 Nf6 4. d3 h6 5. O-O d6 6. a4 g6 7. a5 a6 8. c3 Bg7 9. Re1 O-O 10. h3 Kh8 11. d4 Qe7 12. dxe5 Nxe5 13. Nxe5 dxe5 14. Qc2 Nh5 15. Be3 Nf4 16. Kh2 Qg5 17. Bf1 Qf6 18. Nd2 Bd7 19. Nb3 Ne6 20. Nc5 Bc6 21. b4 Rfd8 22. Kg1 Kg8 23. Nxe6 Qxe6 24. c4 f5 25. f3 Qf6 26. b5 Bd7 27. bxa6 Rxa6 28. c5 Raa8 29. exf5 gxf5 30. Qb3+ Kh8 31. Qxb7 Bc6 32. Qb3 Rab8 33. Qc2 f4 34. Bf2 e4 35. fxe4 Rb2 36. e5 Qxe5 37. Qg6 Be8 38. Qg4 Bh5 39. Rad1 Rxd1 40. Qc8+ Kh7 41. Rxe5 Rbb1 42. Qf5+ Bg6 43. Qxb1 Rxb1 44. Re1 Rb4 45. Re7 Kh8 46. Rxc7 Rb1 47. Rd7 Be4 48. Bd4 Bxd4+ 49. Rxd4 Bc6 50. Rxf4 Ra1 51. a6 Ra5 52. Rf6 Rxc5 53. a7 Ra5 54. Rxh6+ Kg7 55. Rxc6 1-0

[Event "57th Biel Festival MTO 2024"]
[White "Borner,Daniel"]
[Black "Coles,Ruben"]
[Site "Biel"]
[Round "9.44"]
[Annotator "RC"]
[Result "0-1"]
[Date "2024.07.24"]
[WhiteElo "2075"]
[BlackElo "2141"]
[PlyCount "80"]

1. e4 e6 2. d4 d5 3. Nc3 Nf6 4. e5 Nfd7 5. f4 c5 6. Nf3 Nc6 7. Be3 Qb6 8. Na4 Qa5+ 9. c3 b6 10. Bd2 c4 11. b4 Nxb4 12. cxb4 Bxb4 13. Rc1 Bxd2+ 14. Nxd2 O-O 15. Nc3 b5 16. Kf2 b4 17. Ne2 f6 18. Nf3 Qb6 19. Kg3 a5 20. h4 a4 21. Qd2 a3 22. Rb1 Rb8 23. Qe3 Ba6 24. Kh3 Qa5 25. g4 b3 26. Nc3 bxa2 27. Rc1 Rb3 28. exf6 Rxf6 29. g5 Rxc3 30. Rxc3 a1=Q 31. gxf6 e5 32. Rc1 Qb2 33. fxe5 Nxf6 34. exf6 Bc8+ 35. Kg3 Qc7+ 36. Ne5 gxf6 37. Rg1 fxe5 38. Bxc4 e4+ 39. Qf4 Qg7+ 40. Qg5 Qxg5+ 0-1

[Event "57th Biel Festival MTO 2024"]
[White "Jaggy,Matteo"]
[Black "Pisan,Kai"]
[Site "Biel"]
[Round "9.45"]
[Annotator "RC"]
[Result "1-0"]
[Date "2024.07.24"]
[WhiteElo "2211"]
[BlackElo "1950"]
[PlyCount "103"]

1. d4 d5 2. c4 c6 3. Nc3 Nf6 4. Nf3 e6 5. Bg5 Nbd7 6. e3 Qa5 7. Bxf6 Nxf6 8. Nd2 dxc4 9. Bxc4 b5 10. Bd3 Be7 11. O-O O-O 12. Qc2 Bb7 13. Nce4 h6 14. Nxf6+ Bxf6 15. Ne4 Be7 16. Rfc1 Rac8 17. Nc5 Bxc5 18. Qxc5 a6 19. Be4 Rfd8 20. a3 Qc7 21. Rc2 Qd6 22. Qh5 Rd7 23. Rc5 Rdc7 24. Rac1 Qd7 25. h4 f5 26. Bb1 Rf8 27. Ba2 Kh7 28. Qf3 g6 29. Qf4 Re8 30. Bb3 Qg7 31. Bd1 Rce7 32. Re5 Rg8 33. Bf3 Rc8 34. Rec5 Rd8 35. Bxc6 Bxc6 36. Rxc6 e5 37. dxe5 Rxe5 38. Rxa6 Rd2 39. Qxe5 Qxe5 40. Ra7+ Qg7 41. Rcc7 Qxc7 42. Rxc7+ Kg8 43. b4 Ra2 44. Ra7 Kh8 45. h5 gxh5 46. Ra5 Kg7 47. Rxb5 Rxa3 48. Rxf5 Rb3 49. Rb5 Rb2 50. g3 Kg6 51. Kg2 Rb3 52. Rb8 1-0

[Event "57th Biel Festival MTO 2024"]
[White "Papaux,Steve"]
[Black "Perreard,Nicolas"]
[Site "Biel"]
[Round "9.46"]
[Annotator "RC"]
[Result "1/2-1/2"]
[Date "2024.07.24"]
[WhiteElo "2188"]
[BlackElo "2060"]
[PlyCount "57"]

1. c4 Nf6 2. Nf3 e6 3. b3 d5 4. e3 c5 5. Bb2 Be7 6. Be2 O-O 7. O-O Nc6 8. cxd5 Nxd5 9. Nc3 Nxc3 10. Bxc3 b6 11. Qc2 Bb7 12. Qb2 Bf6 13. Bxf6 Qxf6 14. Qxf6 gxf6 15. Rfd1 Rfd8 16. Ne1 Rd6 17. a3 Rad8 18. d3 Ba6 19. Rac1 e5 20. Bf3 Ne7 21. b4 cxb4 22. axb4 Bxd3 23. Nxd3 Rxd3 24. Rxd3 Rxd3 25. g3 Rb3 26. Rc7 Kf8 27. Rxa7 Rxb4 28. Ra8+ Kg7 29. Re8 1/2-1/2

[Event "57th Biel Festival MTO 2024"]
[White "Asllani,Dorian"]
[Black "Tellarini,Lorenzo"]
[Site "Biel"]
[Round "9.47"]
[Annotator "RC"]
[Result "1-0"]
[Date "2024.07.24"]
[WhiteElo "2154"]
[BlackElo "1953"]
[PlyCount "51"]

1. d4 Nf6 2. c4 e6 3. Nc3 Bb4 4. Qc2 c5 5. a3 cxd4 6. axb4 dxc3 7. bxc3 d5 8. cxd5 exd5 9. Nf3 O-O 10. Bg5 Bg4 11. Nd4 Nc6 12. Nxc6 bxc6 13. e3 Re8 14. Bd3 h6 15. Bh4 Qd6 16. O-O Nd7 17. h3 Be6 18. Bg3 Qe7 19. Ra6 Nb6 20. Rfa1 Rec8 21. Be5 Bxh3 22. Bd4 Qg5 23. f4 Qg3 24. Qf2 Qxf2+ 25. Kxf2 Bxg2 26. Kxg2 1-0